[Event "San Sebastian Primavera de Gros op 11th"]
[Site "San Sebastian"]
[Date "2015.05.02"]
[Round "2"]
[White "Rodriguez Cabrera, Francisco Javier"]
[Black "Urcelay Crucelaegui, Zigor"]
[Result "1-0"]
[WhiteElo "1869"]
[BlackElo "1351"]
[PlyCount "99"]
[EventDate "2015.04.25"]
[EventType "swiss"]
[EventRounds "8"]
[EventCountry "ESP"]
[SourceTitle "EXT 2019"]
[Source "ChessBase"]
[SourceDate "2018.10.10"]
[SourceVersion "1"]
[SourceVersionDate "2018.10.10"]
[SourceQuality "1"]

1. e4 e5 2. Bc4 Nc6 3. Nf3 Nf6 4. d3 h6 5. 0-0 Bc5 6. c3 d5 7. exd5 Nxd5 8. Qb3 Na5 9. Qb5+ c6 10. Qxc5 b6 11. Qa3 Qc7 12. Re1 Nxc4 13. dxc4 Ne7 14. Nxe5 Be6 15. Bf4 Qb7 16. Nd2 0-0 17. Ne4 c5 18. Rad1 Rad8 19. Qa4 Bf5 20. Nd6 Rxd6 21. Rxd6 f6 22. Rd7 Bxd7 23. Qxd7 Qxd7 24. Nxd7 Rf7 25. Nb8 g5 26. Bg3 Nf5 27. Kf1 h5 28. h4 gxh4 29. Bf4 Rg7 30. Nc6 Rg4 31. Bh2 Kh7 32. Nxa7 Rxc4 33. Nc8 b5 34. Nd6 Nxd6 35. Bxd6 b4 36. Re7+ Kg6 37. Rc7 bxc3 38. bxc3 Rxc3 39. Rxc5 Rd3 40. Bf4 Rd4 41. Be3 Re4 42. Ra5 f5 43. Ra6+ Kg7 44. Bg5 Rg4 45. f4 Rg3 46. Bxh4 Rg4 47. g3 Kh7 48. a4 Rg8 49. a5 Kg7 50. Rf6 1-0

[Event "San Sebastian op 38th"]
[Site "San Sebastian"]
[Date "2015.03.30"]
[Round "4"]
[White "Rodriguez Cabrera, Francisco Javier"]
[Black "Ruiz Egana, Xabier"]
[Result "1/2-1/2"]
[WhiteElo "1869"]
[BlackElo "1686"]
[PlyCount "46"]
[EventDate "2015.03.28"]
[EventType "swiss"]
[EventRounds "9"]
[EventCountry "ESP"]
[SourceTitle "CBM 165 Extra"]
[Source "ChessBase"]
[SourceDate "2015.04.21"]
[SourceVersion "1"]
[SourceVersionDate "2015.04.21"]
[SourceQuality "1"]

1. e4 c5 2. Nf3 d6 3. d4 cxd4 4. Nxd4 Nc6 5. c4 Nf6 6. Nc3 e5 7. Nxc6 bxc6 8. g3 Be6 9. Qa4 Qd7 10. Bg2 Rc8 11. 0-0 Be7 12. f4 Bh3 13. Rd1 Bxg2 14. Kxg2 Qb7 15. b4 0-0 16. Rb1 Nd7 17. Qc2 a6 18. f5 Nf6 19. Bg5 Rfd8 20. Qe2 h6 21. Be3 d5 22. Bc5 Nxe4 23. Nxe4 dxe4 1/2-1/2

[Event "Gipuzkoa-ch"]
[Site "Donostia"]
[Date "2014.10.11"]
[Round "2.9"]
[White "Rodriguez Cabrera, Francisco Javier"]
[Black "Irure Crespo, Egoitz"]
[Result "1/2-1/2"]
[WhiteElo "1853"]
[BlackElo "2005"]
[PlyCount "58"]
[EventDate "2014.10.04"]
[EventType "swiss"]
[EventRounds "7"]
[EventCountry "ESP"]
[SourceTitle "EXT 2024"]
[Source "ChessBase"]
[SourceDate "2023.10.10"]
[SourceVersion "1"]
[SourceVersionDate "2023.10.10"]
[SourceQuality "1"]

1. e4 c6 2. d4 d5 3. Nd2 dxe4 4. Nxe4 Bf5 5. Ng3 Bg6 6. h4 h6 7. h5 Bh7 8. Nf3 Nd7 9. Bd3 Bxd3 10. Qxd3 Ngf6 11. Bd2 e6 12. 0-0-0 Be7 13. Ne4 Nxe4 14. Qxe4 Nf6 15. Qe2 Qd5 16. c4 Qe4 17. Qxe4 Nxe4 18. Be3 0-0 19. Ne5 Rfd8 20. g4 c5 21. dxc5 Bxc5 22. Bxc5 Nxc5 23. Rxd8+ Rxd8 24. Rd1 Rxd1+ 25. Kxd1 f6 26. b4 Ne4 27. Nd3 Kf7 28. f3 Nd6 29. c5 Nb5 1/2-1/2

[Event "Donostia Spring op 09th"]
[Site "Donostia"]
[Date "2013.05.11"]
[Round "5"]
[White "Rodriguez Cabrera, Francisco Javier"]
[Black "Iglesias Gonzalez, Veronica"]
[Result "1-0"]
[WhiteElo "1924"]
[BlackElo "1786"]
[PlyCount "47"]
[EventDate "2013.04.19"]
[EventType "swiss"]
[EventRounds "8"]
[EventCountry "ESP"]
[SourceTitle "EXT 2024"]
[Source "ChessBase"]
[SourceDate "2023.10.10"]
[SourceVersion "1"]
[SourceVersionDate "2023.10.10"]
[SourceQuality "1"]

1. e4 e5 2. Nf3 d6 3. d4 Bg4 4. dxe5 Bxf3 5. Qxf3 dxe5 6. Bc4 Qd7 7. 0-0 Nc6 8. Rd1 Nd4 9. Qg3 0-0-0 10. Nc3 f6 11. Be3 Bd6 12. Rac1 g6 13. Ne2 f5 14. Bxd4 exd4 15. e5 Bc5 16. c3 Ne7 17. cxd4 Bb6 18. d5 f4 19. Nxf4 Nf5 20. Qc3 Rde8 21. d6 Nd4 22. Rxd4 Rxe5 23. Rd5 Ree8 24. dxc7 1-0

[Event "San Sebastian Gros op 22nd"]
[Site "San Sebastian"]
[Date "2012.09.25"]
[Round "6"]
[White "Abalia Patino, Aritz"]
[Black "Rodriguez Cabrera, Francisco Javier"]
[Result "1/2-1/2"]
[WhiteElo "1610"]
[BlackElo "1945"]
[PlyCount "37"]
[EventDate "2012.09.20"]
[EventType "swiss"]
[EventRounds "8"]
[EventCountry "ESP"]
[SourceTitle "EXT 2013"]
[Source "ChessBase"]
[SourceDate "2012.11.22"]
[SourceVersion "1"]
[SourceVersionDate "2012.11.22"]
[SourceQuality "1"]

1. e4 c5 2. Nf3 d6 3. d4 cxd4 4. Nxd4 Nf6 5. Nc3 a6 6. Bc4 e6 7. 0-0 b5 8. Bd3 b4 9. Na4 Be7 10. Bd2 e5 11. Nf3 Bd7 12. c3 a5 13. Bc2 Nc6 14. b3 0-0 15. h3 bxc3 16. Nxc3 Rc8 17. Rc1 Be6 18. Re1 Nb4 19. Bb1 1/2-1/2

[Event "Gipuzkoa Province-ch"]
[Site "Azkoitia"]
[Date "2010.10.23"]
[Round "2"]
[White "Rodriguez Cabrera, Francisco Javier"]
[Black "Martin Alvarez, Inigo"]
[Result "1/2-1/2"]
[WhiteElo "1973"]
[BlackElo "2292"]
[PlyCount "148"]
[EventDate "2010.10.16"]
[EventType "swiss"]
[EventRounds "7"]
[EventCountry "ESP"]
[SourceTitle "EXT 2014"]
[Source "ChessBase"]
[SourceDate "2013.11.20"]
[SourceVersion "1"]
[SourceVersionDate "2013.11.20"]
[SourceQuality "1"]

1. e4 g6 2. d4 Bg7 3. c4 d6 4. Nc3 e5 5. Nge2 Nc6 6. Be3 Nh6 7. d5 Ne7 8. f3 f5 9. Qd2 f4 10. Bf2 g5 11. g4 Ng6 12. Nc1 Ng8 13. h3 h5 14. Rg1 hxg4 15. hxg4 Nf6 16. Nd3 Kf7 17. c5 Rh2 18. 0-0-0 Qe7 19. Be2 Bd7 20. Kb1 a6 21. Rh1 Rah8 22. Rxh2 Rxh2 23. cxd6 cxd6 24. Qc1 Qd8 25. Rh1 Qh8 26. Rxh2 Qxh2 27. Qg1 Qh3 28. Ne1 Bf8 29. Qf1 Qh7 30. Ka1 Nh4 31. Bb6 Be7 32. b4 Qh8 33. Qf2 Kg7 34. b5 axb5 35. Bxb5 Nxf3 36. Nxf3 Qh3 37. Qf1 Qg3 38. Bxd7 Nxd7 39. Bc7 Qxg4 40. Nb5 Qh5 41. Bxd6 Bf6 42. Nc7 g4 43. Ne6+ Kg8 44. Qc1 Qe8 45. Nh2 g3 46. Ng4 g2 47. Nxf6+ Nxf6 48. Bxe5 Qg6 49. Bd4 f3 50. d6 Kf7 51. Qc7+ Kg8 52. Qc8+ Ne8 53. d7 g1Q+ 54. Bxg1 Qxg1+ 55. Kb2 Qb6+ 56. Kc3 Qe3+ 57. Kc4 Qe2+ 58. Kd5 Qxa2+ 59. Ke5 Qb2+ 60. Kf5 Qf6+ 61. Kg4 Qxe6+ 62. Kxf3 Qf7+ 63. Ke3 Qb3+ 64. Kd4 Qb4+ 65. Kd3 Qb5+ 66. Ke3 Qb6+ 67. Kd3 Qb1+ 68. Ke3 Qe1+ 69. Kd3 Qb1+ 70. Ke3 Qb3+ 71. Kd4 Qa4+ 72. Ke3 Qa3+ 73. Kd4 Qd6+ 74. Ke3 Qh6+ 1/2-1/2

[Event "San Sebastian op 20th"]
[Site "San Sebastian"]
[Date "2010.09.26"]
[Round "3"]
[White "Mohseni, Neik"]
[Black "Rodriguez Cabrera, Francisco Javier"]
[Result "0-1"]
[WhiteElo "1747"]
[BlackElo "1973"]
[PlyCount "62"]
[EventDate "2010.09.24"]
[EventType "swiss"]
[EventRounds "9"]
[EventCountry "ESP"]
[SourceTitle "CBM 138 Extra"]
[Source "ChessBase"]
[SourceDate "2010.10.29"]
[SourceVersion "1"]
[SourceVersionDate "2010.10.29"]
[SourceQuality "1"]

1. c4 e5 2. Nc3 Nf6 3. e3 Be7 4. d4 exd4 5. exd4 0-0 6. Nf3 d5 7. c5 b6 8. cxb6 axb6 9. Be2 c5 10. b3 Nc6 11. 0-0 Ne4 12. Bb2 Bf5 13. Bb5 Nb4 14. a4 Bf6 15. Ne2 Nd6 16. Ba3 Nc2 17. Bc6 Nxa1 18. Qxa1 Rc8 19. Bxd5 Re8 20. Ng3 Be6 21. Bxe6 Rxe6 22. Nh5 Ne4 23. Nxf6+ Qxf6 24. Bb2 Ng5 25. Nxg5 Qxg5 26. dxc5 Rxc5 27. Re1 Rxe1+ 28. Qxe1 h5 29. g3 Qd5 30. Qb4 Rc2 31. Ba3 Rd2 0-1

[Event "San Sebastian op 20th"]
[Site "San Sebastian"]
[Date "2010.09.25"]
[Round "2"]
[White "Rodriguez Cabrera, Francisco Javier"]
[Black "Mirzoev, Azer"]
[Result "0-1"]
[WhiteElo "1973"]
[BlackElo "2541"]
[PlyCount "45"]
[EventDate "2010.09.24"]
[EventType "swiss"]
[EventRounds "9"]
[EventCountry "ESP"]
[SourceTitle "CBM 138 Extra"]
[Source "ChessBase"]
[SourceDate "2010.10.29"]
[SourceVersion "1"]
[SourceVersionDate "2010.10.29"]
[SourceQuality "1"]

1. e4 Nf6 2. e5 Nd5 3. d4 d6 4. Nf3 dxe5 5. Nxe5 c6 6. c4 Nb4 7. a3 Qxd4 8. axb4 Qxe5+ 9. Be2 e6 10. Qb3 a5 11. Bd2 Nd7 12. Bc3 Qe4 13. f3 Qh4+ 14. g3 Qh3 15. Bf1 Qh6 16. Kf2 Be7 17. Nd2 0-0 18. Rxa5 Rxa5 19. bxa5 e5 20. Ne4 Nc5 21. Qc2 Nxe4+ 22. Qxe4 Bc5+ 23. Kg2 0-1

[Event "San Sebastian op 33rd"]
[Site "San Sebastian"]
[Date "2010.04.03"]
[Round "8"]
[White "Rodriguez Cabrera, Francisco Javier"]
[Black "Uriarte Prieto, Goyo"]
[Result "1-0"]
[WhiteElo "1962"]
[BlackElo "2086"]
[PlyCount "129"]
[EventDate "2010.03.28"]
[EventType "swiss"]
[EventRounds "9"]
[EventCountry "ESP"]
[SourceTitle "CBM 135 Extra"]
[Source "ChessBase"]
[SourceDate "2010.05.04"]
[SourceVersion "1"]
[SourceVersionDate "2010.05.04"]
[SourceQuality "1"]

1. e4 e6 2. d4 d5 3. Nc3 Bb4 4. e5 c5 5. a3 Bxc3+ 6. bxc3 Qa5 7. Bd2 Qa4 8. Qg4 g6 9. Nf3 Qxc2 10. Be2 c4 11. 0-0 Nc6 12. Rfe1 Bd7 13. Bd1 Qb2 14. Ba4 Qb6 15. Ng5 h6 16. Nh3 0-0-0 17. Reb1 Qc7 18. Bc2 Nge7 19. Nf4 Na5 20. Qd1 Kb8 21. a4 Ka8 22. Bc1 Bc6 23. Ba3 Nf5 24. Ne2 Rd7 25. Ng3 h5 26. Nxf5 gxf5 27. Bc5 Qd8 28. Qc1 f6 29. exf6 Qxf6 30. Rb5 Qd8 31. Rb2 Rg7 32. Rab1 Rhg8 33. g3 h4 34. Qf4 hxg3 35. fxg3 Qg5 36. Qxg5 Rxg5 37. Bd6 Rg4 38. Re1 Bd7 39. Kf2 Rh8 40. h4 Nc6 41. Bd1 Re4 42. Re3 Rg8 43. Bf3 Rxe3 44. Kxe3 Nd8 45. a5 Nf7 46. Bf4 Re8 47. h5 Rh8 48. g4 fxg4 49. Bxg4 Nh6 50. Bxh6 Rxh6 51. Kf4 b5 52. axb6 a5 53. b7+ Kb8 54. Kg5 Rh8 55. Kf6 a4 56. Kg7 Re8 57. h6 Re7+ 58. Kf6 Rh7 59. Kg6 Re7 60. h7 Re8 61. Rh2 Kxb7 62. h8Q Rxh8 63. Rxh8 a3 64. Rh2 Ba4 65. Ra2 1-0

[Event "San Sebastian op 31st"]
[Site "San Sebastian"]
[Date "2008.03.16"]
[Round "1"]
[White "Rodriguez Cabrera, Francisco Javier"]
[Black "Salgado Lopez, Ivan"]
[Result "0-1"]
[WhiteElo "1879"]
[BlackElo "2459"]
[PlyCount "76"]
[EventDate "2008.03.16"]
[EventType "swiss"]
[EventRounds "9"]
[EventCountry "ESP"]
[SourceTitle "CBM 123 Extra"]
[Source "ChessBase"]
[SourceDate "2008.05.06"]
[SourceVersion "1"]
[SourceVersionDate "2008.05.06"]
[SourceQuality "1"]

1. e4 c5 2. Nf3 d6 3. d4 cxd4 4. Nxd4 Nf6 5. Nc3 a6 6. Bg5 e6 7. Qd2 Be7 8. 0-0-0 b5 9. a3 Bb7 10. f3 Nbd7 11. g4 Rc8 12. h4 Ne5 13. Rh3 Nc4 14. Bxc4 Rxc4 15. Qe2 0-0 16. f4 Qb6 17. e5 dxe5 18. fxe5 Rxd4 19. Rxd4 Qxd4 20. Rd3 Qc5 21. exf6 gxf6 22. b3 Qc7 23. Bh6 Bxa3+ 24. Kb1 Rc8 25. Qd1 Bc6 26. Qf1 Be7 27. g5 f5 28. h5 b4 29. g6 fxg6 30. hxg6 hxg6 31. Qe2 Kf7 32. Rh3 bxc3 33. Bg5 Bf8 34. Rh7+ Bg7 35. Bh6 Rg8 36. Qe3 Be4 37. Bxg7 Rxg7 38. Qh6 Qe5 0-1